000 00407nam a2200169Ia 4500
005 20250508160334.0
008 008 250505s9999 xx 000 0 eng d
037 _aBooks to be hide in OPAC
040 _aFEDL
_beng
_cFEDL
041 _aeng
_2eng
084 _qFEDL
245 0 _aPunjab educational journal Vols.
260 _c1952
490 _vVol. 1
942 _cHB
999 _c1363829
_d1363829